| 000 | 02062nam a22002177a 4500 | ||
|---|---|---|---|
| 999 |
_c13205 _d13205 |
||
| 003 | OSt | ||
| 005 | 20211015134904.0 | ||
| 008 | 190212b ||||| |||| 00| 0 eng d | ||
| 040 | _cUM Digos College | ||
| 082 |
_22018 _aUT 1209 _bB98 |
||
| 100 |
_aBustamante, Gemberly L. _936927 |
||
| 245 |
_aDendroclimatology: _bCoconut production recordings/ _cGemberly L. Bustamante, Jasper Jerome R. Taping and Alexandra T. Barriga. |
||
| 260 |
_aDigos City: _bUMDC _cNovember 2018 |
||
| 300 |
_a60 pages. _c30 cm. |
||
| 520 | _aBustamante, G., Taping, J.J., & B, A. (November 2018). Dendroclimatology: Coconut Production Recordings. Digos City: University of Mindanao. The study aimed to determine the coconut tree production as recordings of climate at Bolton, Malalag, Davao del Sur. The study used the secondary data given by the Philippine Coconut Authority with the specific land owner. The researchers conducting a survey form the Philippines Coconut Authority to the specific land owner in order for having an appropriate to obtained the secondary data of the coconut production as well as for the weather from AccuWeather and Climate-and-weather. As dendroclimatology, the availability of the data is from 4th quarter of the year 2015 up to the year of 2018, 2nd quarter. The researchers matched those secondary data to seek if there is a biotic and abiotic relationship. The result showed that there was no significant relationship between the climatic pattern and coconut production since p-values are greater than 0.05 and because the data is not enough to accommodate pattern. It is recommended that the sea salinity and sea level must be included as indicators of the coconut production. Keywords: Dendroclimatology, Coconut Production, Quantitative, Bolton Malalag Davao del Sur Locator: UT 1209/B98/2018 | ||
| 650 |
_aEducation _vBiological Science _xUndergraduate thesis _936928 |
||
| 700 |
_aBustamante, Gemberly L. _936927 |
||
| 700 |
_aTaping, Jasper Jerome R. _936929 |
||
| 700 |
_aBarriga, Alexandra T. _936930 |
||
| 942 |
_2ddc _cUT |
||